Southville International School and Colleges
Your cart is empty.
  • Cart
  • Lists
    Public lists Eva Luna New books Lux_list list_1
    Your lists Log in to create your own lists
  • Log in to your account
  • Your cookies
  • Search history
Southville International School and Colleges
  • Advanced search
  • Recent comments
  • Most popular
  • Libraries

Log in to your account

Log in with GOOGLE


If you do not have an external account, but do have a local account, you can still log in:

  1. Home
  2. MARC view: Order management system for toperio's catering /
Normal view MARC view ISBD view

Order management system for toperio's catering / (Record no. 284103)

[ view plain ]
MARC details
000 -LEADER
fixed length control field 00606nam a2200217Ia 4500
008 - FIXED-LENGTH DATA ELEMENTS--GENERAL INFORMATION
fixed length control field 150520s9999 xx 000 0 und d
050 ## - LIBRARY OF CONGRESS CALL NUMBER
Classification number HF 5410
050 ## - LIBRARY OF CONGRESS CALL NUMBER
Item number .C388 2015
100 ## - MAIN ENTRY--PERSONAL NAME
Personal name Cecilio, Jud Benjamin P.
245 ## - TITLE STATEMENT
Title Order management system for toperio's catering /
245 ## - TITLE STATEMENT
Statement of responsibility, etc Jud Benjamin p. Cecilio.
260 ## - PUBLICATION, DISTRIBUTION, ETC. (IMPRINT)
Place of publication, distribution, etc Las Piñas, Philippines :
260 ## - PUBLICATION, DISTRIBUTION, ETC. (IMPRINT)
Name of publisher, distributor, etc SISC,
260 ## - PUBLICATION, DISTRIBUTION, ETC. (IMPRINT)
Date of publication, distribution, etc 2015.
300 ## - PHYSICAL DESCRIPTION
Extent 123 pages :
300 ## - PHYSICAL DESCRIPTION
Other physical details illustrations ;
300 ## - PHYSICAL DESCRIPTION
Dimensions 28 cm.
500 ## - GENERAL NOTE
General note Includes bibliographical references and appendices.
650 ## - SUBJECT ADDED ENTRY--TOPICAL TERM
Topical term or geographic name as entry element Purchasing
650 ## - SUBJECT ADDED ENTRY--TOPICAL TERM
General subdivision Management System

No items available.

Order management system for toperio's catering /

APA

Cecilio J. B. P., .Order management system for toperio's catering. Las Piñas, Philippines: .

Chicago

Cecilio Jud Benjamin P, .Order management system for toperio's catering. Las Piñas, Philippines: .

Harvard

Cecilio J. B. P., .Order management system for toperio's catering. Las Piñas, Philippines: .

MLA

Cecilio Jud Benjamin P, .Las Piñas, Philippines: . .

  • Print
  • Cite
  • Add to your cart (remove)
  • Save record
    BIBTEX Dublin Core MARCXML MARC (non-Unicode/MARC-8) MARC (Unicode/UTF-8) MARC (Unicode/UTF-8, Standard) MODS (XML) RIS
  • More searches
    Search for this title in:
    Other Libraries (WorldCat) Other Databases (Google Scholar) Online Stores (Bookfinder.com) Open Library (openlibrary.org)

Exporting to Dublin Core...

SOUTHVILLE LIBRARY

Southville International School and Colleges Library

1281 Tropical Ave. Cor. Luxembourg St., BF Homes International, Las Pinas City

Tel. No. 8256374 / 252358 Loc. 117/146

Powered by Koha